LEADER 01529nam a2200337 u 4500 001 000000061365 003 CaOOAMICUS 005 20070226121021.0 008 010905s1992 it u000 u ita u 020 $a8842511315 035 $a10901493 040 $aPUL$bita 041 1 $aita$hger 100 1 $aHeidegger, Martin,$d1889-1976.$0(OLS)http://pul/name/5737 240 10$aAristoteles, Metaphysik 1-3 : von Wesen und Wirklichkeit der Kraft.$lItaliano.$0(OLS)http://pul/title/81922 245 10$aAristotele, Metafisica 1-3 :$bsull'essenza e la realtą della forza /$cMartin Heidegger. 260 $aMilano :$bMursia,$cc1992. 300 $a158 p. ;$c23 cm 490 1 $aBiblioteca di filosofia. Testi ;$v16 500 $aTraduzione dal tedesco di Ugo Ugazio. 600 04$aAristoteles,$d384-322 a.C.$0(OLS)http://pul/subject/223 650 4$aMetafisica.$0(OLS)http://pul/subject/433 700 1 $aUgazio, Ugo Maria,$d1948-$0(OLS)http://pul/name/41889 830 0$aBiblioteca di filosofia (Mursia).$pTesti ;$v16.$0(OLS)http://pul/title/18255 850 $aPUL 852 $aPUL$W1$xDP2 Filosofia 3$y112$m110 HEIMA 3$j176131$nBK-PRI$bDDC 21$q $B79949$CPULBib$Z2$F79949 $H85211 $81 941 1 $a9 961 $aPrecedente collocazione: Teo 103 16 996 $6020$a8842511315$9(OLS)http://pul/number/79514 996 $6245$aAristotele, Metafisica 1-3 :$bsull'essenza e la realtą della forza$9(OLS)http://pul/title/81923 996 $6260$aMilano :$bMursia$9(OLS)http://pul/publisher/52430 LEADER 01338nam a2200289 a 4500 001 000000140232 003 CaOOAMICUS 005 20141103103222.0 008 141103s2014 it u000 u ita r 020 $a978-88-348-4836-4 040 $aPUL$bita 082 04$a340.01 100 1 $aD'Agostino, Francesco,$d1946-$0(OLS)http://pul/name/10086 245 10$aSessualitą :$bpremesse teoriche di una riflessione giuridica /$cFrancesco D'Agostino. 260 $aTorino :$bGiappichelli,$c©2014. 300 $aXIX, 155 p. ;$c23 cm 490 1 $aRecta Ratio : testi e studi di filosofia del diritto. Sesta serie ;$v121 650 4$aSessualitą$xAspetti giuridici.$0(OLS)http://pul/subject/38977 830 0$aRecta Ratio : testi e studi di filosofia del diritto.$nSesta serie ;$v121.$0(OLS)http://pul/title/151015 850 $aPUL 852 $aPUL$W1$xSL Diritto e Scienze Sociali 3$y79$m340. 01 COLL 1.121$j162050$qDDC 21$B161513$CPULBib$Z2$F161513 $H124867 $82 941 1 $a9 996 $6020$a978-88-348-4836-4$9(OLS)http://pul/number/156206 996 $6082$a340.01$9(OLS)http://pul/classification/2214 996 $6245$aSessualitą :$bpremesse teoriche di una riflessione giuridica$9(OLS)http://pul/title/177516 996 $6260$aTorino :$bGiappichelli$9(OLS)http://pul/publisher/48244